000 00976cam a22003017a 4500
003 CHAP
005 20220329141542.0
008 971013s1971 r 00010 d
010 _a70039
011 _a71011
035 _a80565
040 _cCHAP
082 _a382.6
_bC4
110 _aCentro de Comercio Internacional UNCTAD/GATT
_921050
245 1 3 _aLa exportación a los países socialistas de Europa oriental
_b: guía de técnicas de comercialización
260 _aGinebra :
_bEl Centro,
_c1971
300 _a432 p.
500 _aD19-72
590 _aBATCH-UPD
_b10
_c20130110
_lUCH01
_h0638
590 _aBATCH-UPD
_b10
_c20130410
_lUCH01
_h0322
590 _aBATCH-UPD
_b10
_c20130914
_lUCH01
_h1013
590 _aCONVERSION
_b10
_c20130109
_lUCH01
_h1338
650 1 4 _aComercio
_xEuropa.
_925607
650 1 4 _aExportación e importación
_xEuropa.
_939098
901 _aBK
942 _cLIBRO
949 _a382.6 C4
_bBC
_cLIBRO
_d33724000432597
_eLIBRO
_h73544
_i80565
_si
999 _c70039
_d70039